[Event "WC-2014-P-00022"]
[Site "LSS email"]
[Date "2014.02.03"]
[Round "?"]
[White "Petersen, Hans"]
[Black "Garcia Ramirez, Cristobal Jesus"]
[Result "1-0"]
[WhiteElo "1589"]
[BlackElo "2272"]
[PlyCount "63"]
[EventDate "2014.02.10"]
[EventType "tourn (corr)"]
[EventRounds "12"]
[EventCountry "GER"]
[SourceTitle "Corr 2022"]
[Source "ChessBase"]
[SourceDate "2021.10.24"]
[SourceVersion "1"]
[SourceVersionDate "2021.10.24"]
[SourceQuality "1"]

1. d4 Nf6 2. c4 e6 3. Nc3 Bb4 4. Qc2 c5 5. dxc5 Bxc5 6. Nf3 Qb6 7. e3 Qc7 8. a3 a5 9. Nb5 Qc6 10. Bd3 d6 11. 0-0 0-0 12. Bd2 a4 13. Rfd1 e5 14. Ng5 h6 15. Nh7 Nxh7 16. Bxh7+ Kh8 17. Be4 Qb6 18. Bb4 Nc6 19. Bxc5 dxc5 20. Rd6 Be6 21. Bd5 Bxd5 22. Rxd5 Rfd8 23. Rad1 Kg8 24. Nc3 Qb3 25. Qxb3 axb3 26. Rxc5 Rxd1+ 27. Nxd1 Kf8 28. Kf1 Ra5 29. Rd5 Ra4 30. Rd7 Rxc4 31. Rxb7 Rc1 32. Ke1 1-0